000
00297nam a22001217a 4500
040
_c
HS
082
_a
632
100
_a
ងិន ឆាយ
245
_a
ភូតគាមរោគវិទ្យា pathologie vegetale
260
_a
RUA
_b
ងិន ឆាយ
_c
1994
300
_a
97p.
942
_c
KB
999
_c
8730
_d
8730